Czesc 3 : Geometryja. Ksiazka 3 : Geometryja analityczna wraz z linijami i powierzchniami krzywemi drugiego rzedu; Elementarny wyklad matematyki

Bibliografische gegevens
Parent link:Elementarny wyklad matematyki/ przez Jana Kantego Steczkowskiego. Czesc 3 : Geometryja. Ksiazka 3 : geometryja analityczna wraz z linijami i powierzchniami krzywemi drugiego rzedu.— , 1851-1859
Taal:Pools
Gepubliceerd in: 1859
Editie:Biblioteka naukowa wydawalla staraniem C. K. Towarzystwa naukowego Krakowskiego z uniwersytetem Jagiellonskim Zlaczonego
Onderwerpen:
Formaat: MixedMaterials Boek
KOHA link:https://koha.lib.tpu.ru/cgi-bin/koha/opac-detail.pl?biblionumber=361368

MARC

LEADER 00000nam2a2200000 4500
001 361368
005 20240507124632.0
035 |a (RuTPU)RU\TPU\retro\18694 
035 |a RU\TPU\retro\18692 
090 |a 361368 
100 |a 20210603d1859 m y0poly50 ba 
101 0 |a pol 
102 |a PL 
105 |a af z 000zy 
181 0 |b  e  
182 0 |a n 
183 0 |a nc  |2 RDAcarrier 
200 0 |a Czesc 3 : Geometryja. Ksiazka 3 : Geometryja analityczna wraz z linijami i powierzchniami krzywemi drugiego rzedu 
205 |a Biblioteka naukowa wydawalla staraniem C. K. Towarzystwa naukowego Krakowskiego z uniwersytetem Jagiellonskim Zlaczonego 
210 |d 1859 
215 |a [6], 484 s.  |c 10 вкл. л., черт. 
283 |a volume 
317 |5 63413507: 11131  |a Поступил в НТБ в 1910 г. в дар от сына А. К. Жбиковского преподавателя ТТИ С. А. Жбиковского 
461 1 |0 (RuTPU)RU\TPU\retro\18672  |t Elementarny wyklad matematyki  |f przez Jana Kantego Steczkowskiego  |v Czesc 3 : Geometryja. Ksiazka 3 : geometryja analityczna wraz z linijami i powierzchniami krzywemi drugiego rzedu  |d 1851-1859 
541 1 |a Лекции по элементарной математике.  |z rus 
545 1 |a Ч. 3: Геометрия. Кн. 3: Аналитическая геометрия, включая линии и поверхности кривых второго порядка.  |z rus 
606 1 |a Математика  |2 stltpush  |3 (RuTPU)RU\TPU\subj\67327  |9 83171 
606 1 |a Аналитическая геометрия  |2 stltpush  |3 (RuTPU)RU\TPU\subj\28991  |9 52410 
610 1 |a Коллекция С. А. Жбиковского 
610 1 |a дары библиотеке 
610 1 |a евклидова геометрия 
610 1 |a поверхности 
610 1 |a линии 
610 1 |a кривые второго порядка 
610 1 |a польский язык 
675 |a 51(07)  |v 4 
675 |a 514.12(07)  |v 4 
801 1 |a RU  |b 63413507  |c 20210603 
801 2 |a RU  |b 63413507  |c 20210603  |g RCR 
942 |c BK